Opening Day Lineups: Milwaukee Brewers - Statistics

General Stats
  • This quiz has been taken 655 times
    163 since last reset
  • The average score is 35 of 72
Answer Stats
# Starts Answer % Correct
8 Christian Yelich
99%
3 William Contreras
97%
2 Freddy Peralta
89%
2 Jackson Chourio
89%
11 Ryan Braun
88%
3 Willy Adames
88%
2 Brice Turang
87%
2 Rhys Hoskins
87%
1 Wily Peralta
87%
2 Corbin Burnes
84%
2 Joey Ortiz
82%
5 Lorenzo Cain
81%
1 Sal Frelick
81%
2 Brandon Woodruff
79%
2 Garrett Mitchell
75%
2 Prince Fielder
72%
5 Jonathan Lucroy
67%
4 Orlando Arcia
65%
1 Jesús Aguilar
62%
1 Mike Moustakas
62%
1 Blake Perkins
57%
6 Carlos Gómez
56%
4 Travis Shaw
56%
1 Vinny Capra
56%
1 Corey Hart
53%
4 Rickie Weeks
53%
5 Yovani Gallardo
53%
2 Kolten Wong
49%
2 Rowdy Tellez
49%
1 Yasmani Grandal
49%
1 Andruw Monasterio
48%
1 Brian Anderson
48%
1 Chase Anderson
48%
1 Eric Thames
47%
1 Manny Piña
47%
3 Omar Narvaez
46%
1 Gary Sánchez
45%
2 Keon Broxton
45%
2 Avisail Garcia
44%
3 Domingo Santana
44%
1 Jhoulys Chacin
44%
4 Aramis Ramírez
42%
4 Jean Segura
40%
1 Luis Urías
40%
1 Luis Urias
40%
2 Scooter Gennett
39%
1 Alcides Escobar
37%
2 Keston Hiura
37%
1 Hunter Renfroe
36%
3 Jonathan Villar
34%
1 Chris Carter
33%
1 Andrew McCutchen
31%
2 Khris Davis
30%
1 Adam Lind
29%
2 Casey McGehee
25%
1 Justin Smoak
25%
1 Norichika Aoki
24%
1 Jett Bandy
22%
1 Mat Gamel
22%
2 Alex Gónzalez
21%
1 Eric Sogard
21%
1 Yuniesky Betancourt
21%
1 Aaron Hill
20%
1 Jesse Winker
19%
1 Lyle Overbay
19%
1 Junior Guerra
17%
1 Jace Peterson
15%
1 Kyle Lohse
15%
1 Mark Kotsay
12%
1 Gregg Zaun
11%
1 Wil Nieves
8%
1 Jim Edmonds
7%
No matching quizzes found
Score Distribution
Percent of People with Each Score
Percentile by Number Answered
Your Score History
You have not taken this quiz since the last reset